| 000 | 00546nam a2200193Ia 4500 | ||
|---|---|---|---|
| 999 |
_c5889 _d5889 |
||
| 003 | GBCCL | ||
| 005 | 20241126110551.0 | ||
| 008 | 180412b ||||| |||| 00| 0 eng d | ||
| 040 | _cgbc | ||
| 082 |
_a261.5 _bNEW |
||
| 100 |
_aNewbigin, J. E. Lesslie _910655 |
||
| 245 |
_aHonest Religion for Secular Man / _cJ. E. Lesslie Newbigin |
||
| 250 | _aInd. ed. | ||
| 260 |
_bLucknow Publishing House, _aLucknow: _c1967 |
||
| 300 |
_a159 p.; _c18 cm. |
||
| 650 |
_aChristianity _y20th Century _9436 |
||
| 650 |
_aSecularization _910656 |
||
| 942 |
_2ddc _cBK |
||